Delincuencia : una revista interdisciplinar desde las ciencias sociales (Record no. 2402)
[ view plain ]
| 000 -CABECERA | |
|---|---|
| campo de control de longitud fija | 00479cas a22001572a 4500 |
| 001 - NÚMERO DE CONTROL | |
| campo de control | 000493 |
| 003 - IDENTIFICADOR DEL NÚMERO DE CONTROL | |
| campo de control | AR-FADEU |
| 008 - DATOS DE LONGITUD FIJA--INFORMACIÓN GENERAL | |
| campo de control de longitud fija | 311216n############xxu####################dd |
| 092 ## - ASIGNACIÓN LOCAL DE SIGNATURA TOPOGRÁFICA DEWEY (OCLC) | |
| Número de clasificación | PP(364)DEL |
| 022 ## - NÚMERO INTERNACIONAL NORMALIZADO PARA PUBLICACIONES SERIADAS | |
| Número Internacional Normalizado para Publicaciones Seriadas | 0214-6908 |
| 245 ## - MENCIÓN DE TÍTULO | |
| Título | Delincuencia : una revista interdisciplinar desde las ciencias sociales |
| 260 ## - PUBLICACIÓN, DISTRIBUCIÓN, ETC. (PIE DE IMPRENTA) | |
| Nombre del editor, distribuidor, etc. | Departamento de Teoría de la Educación. Facultad de Filosofía y Ciencias de la Educación |
| 260 ## - PUBLICACIÓN, DISTRIBUCIÓN, ETC. (PIE DE IMPRENTA) | |
| Lugar de publicación, distribución, etc. | Valencia |
| 300 ## - DESCRIPCIÓN FÍSICA | |
| Otras características físicas | 1990 (1-2) |
| 942 ## - ELEMENTOS DE PUNTO DE ACCESO ADICIONAL (KOHA) | |
| Tipo de ítem Koha | PPGR |
No items available.